[Event "ch-RUS"]
[Site "Krasnodar RUS"]
[Date "2002.09.03"]
[Round "8"]
[White "Yemelin,V"]
[Black "Jakovenko,D"]
[Result "1-0"]
[WhiteElo "2534"]
[BlackElo "2552"]

1.e4 c5 2.Nf3 e6 3.d4 cxd4 4.Nxd4 Nc6 5.Nc3 Qc7 6.Be3 a6 7.Qd2 b5 8.O-O-O Nf6
9.Bf4 Qb6 10.Nb3 Bb4 11.f3 O-O 12.g4 Rd8 13.g5 Ne8 14.Kb1 Na5 15.Be3 Qc7
16.Qf2 Rb8 17.Nxa5 Bxa5 18.Ne2 Bb7 19.h4 Rbc8 20.Rc1 e5 21.Bh3 Nd6 22.b3 Rf8
23.Rhg1 Bb4 24.Bb6 Qc6 25.c3 Ba3 26.Rc2 f5 27.gxf6 Rxf6 28.Ng3 Rcf8 29.Bg2 Ne8
30.Be3 d5 31.exd5 Qxd5 32.Ne4 R6f7 33.Ng5 Re7 34.b4 Rc7 35.Qe2 Rc4 36.f4 e4
37.Bh3 Bc8 38.Bxc8 Rxc8 39.Rd1 Qc6 40.Qg2 Nf6 41.Bc5 Rfd8 42.Rcd2 Rxd2 43.Rxd2 h6
44.Rd6 Qxd6 45.Bxd6 Rxc3 46.Qd2 Rc1+ 47.Qxc1 Bxc1 48.Kxc1 hxg5 49.fxg5 Ne8
50.Be5 Kf7 51.h5 Ke6 52.Bxg7  1-0

[Event "RUS vs. ROW"]
[Site "Moscow RUS"]
[Date "2002.09.08"]
[Round "2"]
[White "Anand,V"]
[Black "Zvjaginsev,V"]
[Result "1-0"]
[WhiteElo "2755"]
[BlackElo "2673"]

1.e4 c5 2.Nf3 e6 3.d4 cxd4 4.Nxd4 Nc6 5.Nc3 a6 6.Be2 d6 7.Be3 Nf6 8.O-O Be7
9.f4 Bd7 10.Bf3 O-O 11.Nb3 b5 12.g4 h6 13.a4 bxa4 14.Nxa4 Rb8 15.Nc3 a5 16.Rf2 Rb4
17.Rd2 Qc7 18.h4 h5 19.g5 Ng4 20.Bxg4 hxg4 21.Qxg4 a4 22.Nc1 Rxb2 23.N1e2 Rb4
24.h5 f5 25.gxf6 Rxf6 26.Rxa4 Rxa4 27.Nxa4 Be8 28.Nb6 Bf8 29.Ng3 Na5 30.Qe2 Qc3
31.Qd3 Qc6 32.f5 Bf7 33.e5 dxe5 34.Nd7 Nc4 35.Nxf6+ gxf6 36.Rg2 Nxe3 37.Qxe3 Kh8
38.Kh2 Qc4 39.fxe6 Qh4+ 40.Kg1 Bxe6 41.Qb6 Bd5 42.Qd8 Qd4+ 43.Rf2 Kg8 44.h6 Qd1+
45.Kh2 Qd4 46.Qxf6 Bxh6 47.Qg6+ Bg7 48.Qxg7+ Kxg7 49.Nf5+ Kg6 50.Nxd4 exd4
51.Rf4  1-0

[Event "FSGM Sept"]
[Site "Budapest HUN"]
[Date "2002.09.10"]
[Round "4"]
[White "Lane,G"]
[Black "Aagaard,J"]
[Result "1-0"]
[WhiteElo "2446"]
[BlackElo "2359"]

1.e4 c5 2.Nf3 Nc6 3.Nc3 e6 4.d4 cxd4 5.Nxd4 Qc7 6.f4 a6 7.Nxc6 Qxc6 8.Bd3 b5
9.Qe2 Bb7 10.Bd2 Be7 11.a3 Nf6 12.O-O d5 13.exd5 Nxd5 14.f5 O-O 15.fxe6 fxe6
16.Ne4 Nf6 17.Ng5 e5 18.c4 e4 19.Bb1 h6 20.Ba2 Qb6+  1-0

[Event "7th WUCC Women"]
[Site "Ulaanbaatar MON"]
[Date "2002.09.14"]
[Round "4"]
[White "Li Ruofan"]
[Black "Kochetkova,J"]
[Result "1-0"]
[WhiteElo "2327"]
[BlackElo "2244"]

1.e4 c5 2.Nf3 Nc6 3.Nc3 e6 4.d4 cxd4 5.Nxd4 Nf6 6.Nxc6 bxc6 7.e5 Nd5 8.Ne4 Qa5+
9.Bd2 Qc7 10.f4 Qb6 11.Bd3 Ba6 12.Bxa6 Qxa6 13.Qe2 Qxe2+ 14.Kxe2 f5 15.Nf2 Rb8
16.c4 Nb4 17.Rhc1 Bc5 18.a3 Na6 19.b4 Be7 20.Be3 Rb7 21.Rab1 Kf7 22.Nd3 Rg8
23.b5 cxb5 24.Rxb5 Rc7 25.Ra5 Rc6 26.Bxa7 Ra8 27.Be3 Rb8 28.c5 Rb3 29.Rc4 Bd8
30.Raa4 Be7 31.Nb4 Nxc5 32.Ra5 Rb2+ 33.Kf3 Nd3 34.Nxd3 Rxc4 35.Nxb2 Rc3 36.Nd1 Rxa3
37.Rxa3 Bxa3 38.Nc3 h6 39.Nb5 Bb4 40.h4 h5 41.Bf2 Ke7 42.Ke2 Ke8 43.Kd3 Ke7
44.Kc4 Bd2 45.g3  1-0

[Event "TCh-CRO"]
[Site "Medulin CRO"]
[Date "2002.09.15"]
[Round "7"]
[White "Fercec,N"]
[Black "Rezan,S"]
[Result "1-0"]
[WhiteElo "2494"]
[BlackElo "2414"]

1.e4 c5 2.Nf3 e6 3.d4 cxd4 4.Nxd4 Nc6 5.Nc3 d6 6.Be3 Nf6 7.f3 Be7 8.Qd2 O-O
9.g4 a6 10.O-O-O Nxd4 11.Bxd4 b5 12.g5 Nd7 13.h4 Bb7 14.Kb1 Rc8 15.a3 Ne5
16.Qe3 Qc7 17.Rg1 Nc4 18.Bxc4 Qxc4 19.Bf6 Bd8 20.Rxd6 Ba5 21.Rd7 Rc7 22.Rd3 b4
23.axb4 Qxb4 24.Rgd1 Rcc8 25.Be5 Qc4 26.h5 Rfd8 27.h6 Rxd3 28.Rxd3 Bc7 29.Qf4 Bd8
30.Rd7  1-0

[Event "7th WUCC Men"]
[Site "Ulaanbaatar MON"]
[Date "2002.09.15"]
[Round "5"]
[White "Iordachescu,V"]
[Black "Bocharov,D"]
[Result "0-1"]
[WhiteElo "2555"]
[BlackElo "2475"]

1.e4 c5 2.Nf3 Nc6 3.d4 cxd4 4.Nxd4 e6 5.Nc3 a6 6.Be2 Qc7 7.O-O Nf6 8.Kh1 Be7
9.f4 d6 10.Be3 O-O 11.a4 Re8 12.Bd3 Nb4 13.Qe1 b6 14.Qg3 Bb7 15.Rae1 Kh8
16.Nf3 d5 17.Bd4 dxe4 18.Bxe4 Nc6 19.Bxc6 Bxc6 20.Ne5 Bc5 21.Bxc5 bxc5 22.f5 Rac8
23.Qh3 exf5 24.Nxc6 Qxc6 25.Qxf5 h6 26.h3 Qb7 27.Rxe8+ Rxe8 28.b3 Re3 29.Rf3 Re1+
30.Rf1 Nh5 31.Kh2 Qb8+  0-1

[Event "VI Pablo Gorbea Mem"]
[Site "Madrid ESP"]
[Date "2002.09.18"]
[Round "3"]
[White "Poulsen,Ma"]
[Black "Rojo Huerta,G"]
[Result "1-0"]
[WhiteElo "2160"]
[BlackElo "2326"]

1.e4 c5 2.Nc3 e6 3.Nf3 Nc6 4.d4 cxd4 5.Nxd4 Qc7 6.Ndb5 Qb8 7.Be3 a6 8.Bb6 axb5
9.Nxb5 Bb4+ 10.c3 Ba5 11.Nc7+ Qxc7 12.Bxc7 Bxc7 13.Bc4 Nf6 14.O-O h5 15.Qe2 h4
16.a4 Kf8 17.Rfe1 Ne5 18.Bb5 d5 19.exd5 exd5 20.Qe3 b6 21.a5 Nfg4 22.Qd4 Rb8
23.h3 Nxf2 24.Rxe5 Be6 25.Kxf2 bxa5 26.Qc5+  1-0

[Event "7th WUCC Men"]
[Site "Ulaanbaatar MON"]
[Date "2002.09.18"]
[Round "7"]
[White "Soltanici,R"]
[Black "Bocharov,D"]
[Result "1/2-1/2"]
[WhiteElo "2426"]
[BlackElo "2475"]

1.e4 c5 2.Nf3 Nc6 3.Nc3 e6 4.d4 cxd4 5.Nxd4 a6 6.Be2 Qc7 7.O-O Nf6 8.Kh1 Be7
9.f4 d6 10.a4 O-O 11.Be3 Re8 12.Bd3 Nb4 13.a5 Bd7 14.Qf3 Bc6 15.Qh3 Nd7 16.Nb3 Bf8
17.Rfc1 g6 18.Na4 Rac8 19.Nb6 Nxb6 20.Bxb6 Qd7 21.Qg3 Bg7 22.Nd4 Nxd3 23.Qxd3 Qe7
24.Nxc6 Rxc6 25.c3 Qh4 26.Rf1 f5 27.Rae1 fxe4 28.Rxe4 d5 29.Re2 Rf8 30.g3 Qh3
31.Rff2 Qf5 32.Rd2 h5 33.Kg2 Rfc8 34.Rfe2 Qxd3 35.Rxd3 Kf7 36.Kf3 Rc4 37.h3 Bf6
38.Red2 h4 39.g4 g5 40.f5 exf5 41.gxf5 Rf4+ 42.Kg2 Rxf5 43.Rxd5 Rxd5 44.Rxd5 Ke6
45.Rd2 Be5 46.Re2 Kf5 47.Rf2+ Bf4 48.Kf3 Re8 49.Rf1 Re7 50.Rd1 Rf7 51.Rd3 Be5
52.Be3 Re7 53.Rd8 Bf6 54.Rc8 Rd7 55.Rf8 Kg6 56.Rg8+ Kf7 57.Rc8 Bd8 58.b4 Be7
59.Ra8 Kg6 60.Rc8  1/2-1/2

[Event "VI Pablo Gorbea Mem"]
[Site "Madrid ESP"]
[Date "2002.09.19"]
[Round "4"]
[White "Spraggett,K"]
[Black "Rodriguez Guerrero,E"]
[Result "1-0"]
[WhiteElo "2533"]
[BlackElo "2324"]

1.e4 c5 2.Nf3 e6 3.d4 cxd4 4.Nxd4 Nc6 5.Nc3 Qc7 6.Be3 a6 7.Qd2 Nf6 8.O-O-O Bb4
9.f3 Ne7 10.Nde2 d5 11.Bg5 dxe4 12.Bxf6 gxf6 13.Qd4 exf3 14.Qxf6 Ng6 15.Qxf3 Bxc3
16.Nxc3 Qf4+ 17.Qxf4 Nxf4 18.g3 Ng6 19.Bg2 Rb8 20.Rhe1 Ne7 21.Ne4 Nc6 22.Nc5 Ke7
23.a4 Na7 24.a5 b6 25.axb6 Rxb6 26.c4 Nc6 27.b3 Nb4 28.Kb2 Rd6 29.Rxd6 Kxd6
30.Ne4+ Kc7 31.Ra1 h5 32.Kc3 Nc6 33.Nc5 Nb8 34.b4 h4 35.g4 Rg8 36.Bh3 Rg7
37.b5 axb5 38.cxb5 e5 39.Kb4 Kd6 40.Ne4+ Kd5 41.Nf6+ Kd4 42.Ra8 Nd7 43.Nxd7 Bxd7
44.Rd8  1-0

[Event "Autumn I"]
[Site "Alushta UKR"]
[Date "2002.09.20"]
[Round "8"]
[White "Livshits,G"]
[Black "Arbakov,V"]
[Result "1-0"]
[WhiteElo "2380"]
[BlackElo "2445"]

1.e4 c5 2.Nc3 Nc6 3.Nge2 e6 4.d4 cxd4 5.Nxd4 d6 6.Be3 Nge7 7.Nb3 Ng6 8.g3 Be7
9.Bg2 O-O 10.h4 Nge5 11.Qe2 a6 12.f4 Nd7 13.h5 b5 14.e5 d5 15.O-O-O b4 16.Na4 Qc7
17.g4 a5 18.g5 Ba6 19.Qf2 Bb5 20.Nb6 Nxb6 21.Bxb6 Qc8 22.g6 f5 23.exf6 Rxf6
24.gxh7+ Kxh7 25.Nd4 Nxd4 26.Bxd4 Qc7 27.Bxf6 Bxf6 28.Bf1 Bxf1 29.Qxf1 Rc8
30.Qd3+ Kh8 31.Rdf1 a4 32.h6 g5 33.fxg5 Bxg5+ 34.Kb1 Bf4 35.Qg6 e5 36.Rfg1  1-0

[Event "VI Pablo Gorbea Mem"]
[Site "Madrid ESP"]
[Date "2002.09.20"]
[Round "5"]
[White "Perez Gonzalez,J"]
[Black "Rojo Huerta,G"]
[Result "1/2-1/2"]
[WhiteElo "2175"]
[BlackElo "2326"]

1.e4 c5 2.Nf3 e6 3.d4 cxd4 4.Nxd4 Nc6 5.Nc3 Qc7 6.Be2 a6 7.O-O Nf6 8.Be3 h5
9.f4 b5 10.Nxc6 Qxc6 11.Bf3 Ng4 12.Bd4 d6 13.e5 d5 14.h3 Nh6 15.Bf2 Bb7 16.Bxh5 Bc5
17.Ne2 Nf5 18.Bf3 Qb6 19.c3 Ne3 20.Bxe3 Bxe3+ 21.Kh2 g5 22.fxg5 Qc7 23.a4 Qxe5+
24.g3 Rc8 25.axb5 axb5 26.Qd3 Rc4 27.g6 Rch4 28.Qxb5+ Kd8 29.Bg2 Bc6 30.Qxc6 Rxh3+
31.Bxh3 Rxh3+ 32.Kg2 Rh2+ 33.Kxh2 Qh5+ 34.Kg2 Qxe2+ 35.Kh3 Qh5+  1/2-1/2

[Event "ECC"]
[Site "Halkidiki GRE"]
[Date "2002.09.23"]
[Round "2"]
[White "Asmundsson,I"]
[Black "Mastrovasilis,D"]
[Result "0-1"]
[WhiteElo "2338"]
[BlackElo "2462"]

1.e4 c5 2.Nf3 e6 3.d4 cxd4 4.Nxd4 Nc6 5.Nc3 Qc7 6.Be2 a6 7.Be3 b5 8.Nxc6 Qxc6
9.a3 Bb7 10.Qd4 Rc8 11.f4 Be7 12.O-O-O Nf6 13.Bf3 Bxa3 14.Rd3 b4 15.e5 Nd5
16.Bxd5 Bxb2+ 17.Kxb2 bxc3+ 18.Rxc3 Qxc3+ 19.Qxc3 Rxc3 20.Kxc3 Bxd5 21.Bc5 f6
22.Ra1 Kf7 23.Rxa6 Rc8 24.Kd4 Bxg2 25.Ra7 Bc6 26.Bd6 Kg6 27.c4 f5 28.Ra3 h6
29.Rg3+ Kf7 30.h4 Ra8 31.Rb3 Be4 32.Rg3 Bc6 33.Rb3 Kg6 34.Rg3+ Kh5 35.Be7 g6
36.Ra3 Kg4 37.Ke3 Rb8 38.Bd6 Rb1 39.Bf8 Rf1 40.Ra2 Rf3+ 41.Ke2 Kh5  0-1

[Event "ECC"]
[Site "Halkidiki GRE"]
[Date "2002.09.23"]
[Round "2"]
[White "Goossens,E"]
[Black "Pilaj,H"]
[Result "1-0"]
[WhiteElo "2189"]
[BlackElo "2312"]

1.e4 c5 2.Nf3 e6 3.d4 cxd4 4.Nxd4 Nc6 5.Nc3 Qc7 6.Be3 Nf6 7.f3 Bb4 8.Qd2 d5
9.Ndb5 Qa5 10.a3 dxe4 11.Nd6+ Bxd6 12.Qxd6 exf3 13.O-O-O Bd7 14.gxf3 Ne7
15.Bd3 Rc8 16.Rhg1 Ned5 17.Bd4 Nxc3 18.Bxc3 Qb6 19.Qxb6 axb6 20.Rxg7 Nd5
21.Bd4 Ke7 22.Rg3 f6 23.Kb1 b5 24.Rg7+ Kd6 25.Bxh7 e5 26.Bc3 Bc6 27.Bf5 Kc5
28.Bxc8 Nxc3+ 29.bxc3 Rxc8 30.Rf1 Rh8 31.Rf2 Rh4 32.Rg4 Rh3 33.Rg6 f5 34.Rg5 Bd7
35.Rg3 Rh6 36.Kb2 Bc6 37.Rg5 Bd7 38.Re2 Kd5 39.Rd2+ Ke6 40.Rg3 Bc6 41.Rf2 Rh4
42.Kc1 f4 43.Rg6+ Kf5 44.Rfg2 Rh5 45.h4 Bxf3 46.R2g5+ Ke4 47.Re6 Rxg5 48.hxg5 Kf5
49.Re7 e4 50.Rxb7 Be2 51.a4 bxa4 52.Kd2 Bc4 53.Rb4 e3+ 54.Ke1 Be6 55.Rxa4 f3
56.g6 Ke5 57.g7 Bh3 58.Ra1 Be6 59.Ra4 Bh3 60.Ra1 Be6 61.Ra5+ Kf4 62.Ra4+ Kg3
63.Re4 Bf7 64.c4 f2+ 65.Ke2 Bh5+ 66.Kf1 Kf3 67.g8=Q Kxe4 68.Qh7+  1-0

[Event "ECC"]
[Site "Halkidiki GRE"]
[Date "2002.09.26"]
[Round "5"]
[White "Steflitsch,E"]
[Black "Teske,H"]
[Result "1/2-1/2"]
[WhiteElo "2399"]
[BlackElo "2529"]

1.e4 c5 2.Nf3 e6 3.d4 cxd4 4.Nxd4 Nc6 5.Nc3 Qc7 6.Be2 a6 7.O-O Nf6 8.Kh1 Bb4
9.Qd3 O-O 10.Bg5 Bxc3 11.bxc3 Qe5 12.f4 Qxe4 13.Qg3 Qg6 14.Bd3 Nh5 15.Qe1 f5
16.g4 Nf6 17.gxf5 Qf7 18.fxe6 dxe6 19.Qh4 Nxd4 20.cxd4 b5 21.Bxf6 Bb7+ 22.Kg1 gxf6
23.f5 e5 24.dxe5 Qd5 25.Kf2 Qc5+ 26.Ke2 Qxe5+ 27.Kd2 Rad8 28.Rab1 Kh8 29.Rfe1 Rd4  1/2-1/2

[Event "ECC"]
[Site "Halkidiki GRE"]
[Date "2002.09.26"]
[Round "5"]
[White "Luther,T"]
[Black "Bischoff,K"]
[Result "1/2-1/2"]
[WhiteElo "2551"]
[BlackElo "2554"]

1.e4 c5 2.Nf3 e6 3.d4 cxd4 4.Nxd4 Nc6 5.Nc3 d6 6.Be3 a6 7.Qd2 Bd7 8.O-O-O Nge7
9.Nxc6 Nxc6 10.Na4 b5 11.Nb6 Rb8 12.Nxd7 Qxd7 13.Bf4 e5 14.Bg5 Qe6 15.Kb1 Be7
16.h4 O-O 17.Qd5 Bxg5 18.hxg5 Qxd5 19.Rxd5 Rfd8 20.Be2 Nd4 21.Bg4 b4 22.f4 Rb5
23.Rxb5 axb5  1/2-1/2

[Event "ECC"]
[Site "Halkidiki GRE"]
[Date "2002.09.26"]
[Round "5"]
[White "Mastrovasilis,D"]
[Black "Soffer,R"]
[Result "1-0"]
[WhiteElo "2462"]
[BlackElo "2492"]

1.e4 c5 2.Nf3 Nc6 3.Nc3 e6 4.d4 cxd4 5.Nxd4 Qc7 6.Be2 a6 7.O-O Nf6 8.Be3 Be7
9.a4 O-O 10.f4 d6 11.Kh1 Re8 12.a5 Nxa5 13.e5 dxe5 14.fxe5 Qxe5 15.Bf4 Qc5
16.Na4 Qa7 17.Bc7 b5 18.Nb6 Qxc7 19.Nxa8 Qd8 20.Rxa5 Bb7 21.Bf3 Nd5 22.Ra1 Ne3
23.Nc6 Qxa8 24.Qd7 Kf8 25.Rf2 Nc4 26.Be4 Nd6 27.Nxe7 Bxe4 28.Qxd6 Rxe7 29.Rxa6 Qd5
30.Qxd5 Bxd5 31.Rd2 Rc7 32.Rb6 Bc6 33.Kg1 Ke7 34.Kf2 f6 35.c3 h5 36.Rb8 e5
37.Rdd8 Ra7 38.Rg8 Kf7 39.Rgc8 Bd7 40.Ra8 Rb7 41.Rc5 Kg6 42.Ra6 Kf7 43.Ke3 Ke7
44.Ke4 Kf7 45.h4 Ke7 46.b4 Kf7 47.Kd5 Bf5 48.c4 Rd7+ 49.Kc6 bxc4 50.b5 Re7
51.Rxc4 Bd3 52.Rca4 Kg6 53.Ra7 Re6+ 54.Kc5 e4 55.b6 Re5+ 56.Kd4 Rb5 57.b7 Rb3
58.Ra3 Rb1 59.Kc3 Rc1+ 60.Kb4 Rc4+ 61.Kb3 Rc1 62.Ra1  1-0

[Event "Autumn III"]
[Site "Alushta UKR"]
[Date "2002.09.27"]
[Round "1"]
[White "Kayumov,S"]
[Black "Kozlov,Vi"]
[Result "1/2-1/2"]
[WhiteElo "2267"]
[BlackElo "2340"]

1.e4 c5 2.Nf3 e6 3.d4 cxd4 4.Nxd4 Nc6 5.Nc3 d6 6.Be2 Nf6 7.O-O Be7 8.Kh1 O-O
9.f4 Bd7 10.Be3 Nxd4 11.Bxd4 Bc6 12.Qd3 Nd7 13.Rad1 e5 14.Be3 exf4 15.Bxf4 Ne5
16.Bxe5 dxe5 17.Qxd8 Raxd8 18.Rxd8 Bxd8 19.Bc4 g6 20.Bd5 Kg7 21.Rd1  1/2-1/2

[Event "ECC"]
[Site "Halkidiki GRE"]
[Date "2002.09.27"]
[Round "6"]
[White "Timoshenko,G"]
[Black "Mastrovasilis,D"]
[Result "1/2-1/2"]
[WhiteElo "2528"]
[BlackElo "2462"]

1.e4 c5 2.Nf3 e6 3.d4 cxd4 4.Nxd4 Nc6 5.Nc3 Qc7 6.Be2 a6 7.Be3 Nf6 8.O-O Bb4
9.Na4 Be7 10.Nxc6 bxc6 11.Nb6 Rb8 12.Nxc8 Qxc8 13.Bd4 c5 14.Be5 Rb6 15.Qd3 d6
16.Bc3 O-O 17.b3 d5 18.exd5 Nxd5 19.Be5 Rd8 20.Qg3 Bf6 21.Bxf6 Nxf6 22.Rfd1 Nd5
23.Rd2 Nb4 24.Rxd8+ Qxd8 25.c3 Nd5 26.Rd1 Qb8 27.Qd3 Kf8 28.Bf3 Nf6 29.g3 Ke7
30.Qc4 Qe5 31.b4 Nd7 32.Kg2 g5 33.a4 Rd6 34.a5 f5 35.h3 Rxd1 36.Bxd1 Qd6
37.Be2 cxb4 38.cxb4 Ne5 39.Qxa6 Qxb4 40.Qb5 Qe4+ 41.Kg1 Nc6 42.a6 Nd4 43.Qb7+ Qxb7
44.axb7 Nc6 45.Bf3 Nb8 46.Kf1 Kd6 47.Bg2 Nd7 48.Ke2 e5 49.Kd3 Kc7 50.Kc4 Nf6
51.Kc5 g4 52.h4 f4 53.gxf4 exf4 54.Bc6 g3 55.fxg3 fxg3 56.Kd4 Ng4 57.Bf3 h5
58.Bg2 Kb8 59.Bf3 Kc7 60.Ke4 Kxb7  1/2-1/2

[Event "Autumn III"]
[Site "Alushta UKR"]
[Date "2002.09.28"]
[Round "2"]
[White "Kurnosov,I"]
[Black "Arbakov,V"]
[Result "1-0"]
[WhiteElo "2433"]
[BlackElo "2445"]

1.e4 c5 2.Nf3 e6 3.d4 cxd4 4.Nxd4 Nc6 5.Nc3 Qc7 6.Ndb5 Qb8 7.Be3 a6 8.Bb6 axb5
9.Nxb5 Bb4+ 10.c3 Ba5 11.Nc7+ Qxc7 12.Bxc7 Bxc7 13.Qg4 Kf8 14.f4 d5 15.e5 f6
16.Bb5 fxe5 17.fxe5 Nh6 18.O-O+ Kg8 19.Qh4 Bd7 20.Kh1 Nf5 21.Rxf5 exf5 22.e6 Be8
23.Bxc6 bxc6 24.Qe7 Be5 25.Rf1 f4 26.Re1 Bf6 27.Qb7 Rd8 28.e7 Rd7 29.Qxd7  1-0

[Event "Autumn III"]
[Site "Alushta UKR"]
[Date "2002.09.28"]
[Round "3"]
[White "Shtyrenkov,V"]
[Black "Kozlov,Vi"]
[Result "0-1"]
[WhiteElo "2457"]
[BlackElo "2340"]

1.e4 c5 2.Nf3 e6 3.d4 cxd4 4.Nxd4 Nc6 5.Nc3 d6 6.g4 a6 7.h4 h6 8.g5 hxg5
9.Bxg5 Qb6 10.Nb3 Nf6 11.Qd2 Qc7 12.O-O-O b5 13.a3 Bb7 14.Rh3 Ne5 15.f4 Nc4
16.Bxc4 bxc4 17.Bxf6 cxb3 18.Bd4 bxc2 19.Qxc2 Rc8 20.Kb1 Qc4 21.b3 Qc7 22.Qe2 Qa5
23.Kb2 Qh5 24.Qd2 Qg4 25.Rhh1 Rxh4 26.Rxh4 Qxh4 27.f5 Qe7 28.Rg1 e5 29.Nd5 Bxd5
30.exd5 Qd7 31.Bb6 Qb5 32.Bf2 Rb8 33.Rg3 Be7 34.Rc3 Bf6 35.a4 Qb7 36.Qd3 Qb4
37.Qxa6 e4 38.Qc6+ Kf8 39.Kc2 Bxc3 40.Qxc3 Qb7 41.Kb2 Qxd5 42.a5 Qxf5 43.Bd4 Qb5
44.Bxg7+ Ke8 45.Bd4 Kd7 46.Bb6 Rxb6 47.axb6 Qe5  0-1

[Event "ECC"]
[Site "Halkidiki GRE"]
[Date "2002.09.28"]
[Round "7"]
[White "Couso,L"]
[Black "Vinter Schou,U"]
[Result "0-1"]
[WhiteElo "2345"]
[BlackElo "2342"]

1.e4 c5 2.Nf3 e6 3.d4 cxd4 4.Nxd4 Nc6 5.Nc3 Qc7 6.Be2 a6 7.O-O Nf6 8.Kh1 Be7
9.f4 d6 10.Be3 O-O 11.a4 Re8 12.Nf3 b6 13.Qe1 Bb7 14.Bd3 Nb4 15.Bd4 d5 16.e5 Ne4
17.Qe3 Nc5 18.Rac1 g6 19.Ng5 Nc6 20.Ne2 Nxd4 21.Nxd4 Bxg5 22.fxg5 Nxa4 23.h4 Nxb2
24.Nf3 d4 25.Nxd4 Red8 26.Rf4 Rd5 27.Rcf1 Rd7 28.h5 Nxd3 29.cxd3 Rc8 30.Rh4 Qc5
31.hxg6 hxg6 32.Qf4 Qf8 33.Nf3 Rc2 34.d4 Qg7 35.Kh2 Rdc7 36.Kg3 R7c3 37.Rfh1 a5
38.Rh8+ Qxh8 39.Rxh8+ Kxh8 40.Qxf7 Bd5 41.Qf8+ Kh7 42.Qh6+ Kg8 43.Qxg6+ Kf8
44.Qf6+ Kg8 45.g6 Rxg2+ 46.Kxg2 Rxf3 47.Qxf3 a4 48.Qxd5 exd5 49.e6 Kf8  0-1

[Event "ECC"]
[Site "Halkidiki GRE"]
[Date "2002.09.28"]
[Round "7"]
[White "Berndt,S"]
[Black "Bischoff,K"]
[Result "1/2-1/2"]
[WhiteElo "2482"]
[BlackElo "2554"]

1.e4 c5 2.Nf3 e6 3.d4 cxd4 4.Nxd4 Nc6 5.Nc3 d6 6.Be3 a6 7.Bc4 Be7 8.O-O b5
9.Bb3 Nf6 10.f4 b4 11.Na4 Rb8 12.f5 Nxd4 13.Qxd4 e5 14.Qa7 Bd7 15.Nb6 Bb5
16.Rad1 O-O 17.Nd5 Nxd5 18.Bxd5 Rc8 19.Rd2 Rc7 20.Qb6 Qc8 21.Rc1 Bc4 22.f6 Bxf6
23.Qxd6 Be7 24.Qb6  1/2-1/2

[Event "ECC"]
[Site "Halkidiki GRE"]
[Date "2002.09.28"]
[Round "7"]
[White "Fressinet,L"]
[Black "Tregubov,P"]
[Result "1-0"]
[WhiteElo "2619"]
[BlackElo "2599"]

1.e4 c5 2.Nf3 e6 3.d4 cxd4 4.Nxd4 Nc6 5.Nc3 Qc7 6.Be3 a6 7.Qd2 Nf6 8.O-O-O Bb4
9.f3 Ne7 10.Nde2 d5 11.a3 Bc5 12.exd5 Nfxd5 13.Nxd5 exd5 14.Bxc5 Qxc5 15.Nf4 Bf5
16.g4 Bd7 17.Nxd5 Nxd5 18.Qxd5 Qxd5 19.Rxd5 O-O-O 20.Bd3 Bc6 21.Rxd8+ Rxd8
22.Rf1 h6 23.f4 Rd6 24.h4 Kd8 25.Rf2 Bd7 26.g5 Kc7 27.Re2 Rd4 28.Re4 Rxe4
29.Bxe4 a5 30.Kd2 b6 31.Ke3 Kd6 32.Kd4 f6 33.b3 Bc8 34.Bd5 Bf5 35.c3 Bd7
36.Be4 Be6 37.Bc2 Bd7 38.Bd1 Bc6 39.Bg4 Bd5 40.Bd1 Bc6 41.gxf6 gxf6 42.b4 axb4
43.cxb4 b5 44.Be2 Be8 45.Bf1 Bc6 46.Bd3 Be8 47.Ke4 Bg6+ 48.Ke3 Be8 49.Kf3 Bd7
50.Ke4 Ke6 51.Be2 Bc6+ 52.Kd4 Kd6 53.Bf1 Be8 54.Ke4 Ke6 55.Kf3 Kd5 56.Kg4 Ke4
57.Bg2+ Ke3 58.Kf5 h5 59.Bf1 Kf2 60.Bxb5 Bxb5 61.Kxf6 Kf3 62.Kg5 Ke4 63.f5 Ke5
64.f6 Be8 65.b5 Ke6 66.b6  1-0

[Event "ECC"]
[Site "Halkidiki GRE"]
[Date "2002.09.28"]
[Round "7"]
[White "Mastrovasilis,D"]
[Black "Teske,H"]
[Result "1/2-1/2"]
[WhiteElo "2462"]
[BlackElo "2529"]

1.e4 c5 2.Nf3 Nc6 3.d4 cxd4 4.Nxd4 e6 5.Nc3 Qc7 6.Be2 a6 7.O-O Nf6 8.Be3 Bb4
9.Na4 O-O 10.c4 Nxe4 11.Bf3 d5 12.c5 Bd2 13.Bxe4 Bxe3 14.fxe3 dxe4 15.Nxc6 bxc6
16.Qd6 Ra7 17.Rfd1 a5 18.Rd4 f5 19.Rad1 e5 20.Qxc7 Rxc7 21.Rd8 Be6 22.b3 Bd5
23.Rd6 Rf6 24.Rd8+ Rf8 25.Rd6 Rf6 26.Nb6 Be6 27.Na8 Ra7 28.Nb6 Rc7 29.Na8 Ra7
30.Nb6 Rc7 31.Nd7 Bxd7 32.Rxd7 Rxd7 33.Rxd7 Rf7 34.Rd8+ Rf8 35.Rd6 Rf6 36.Rd7 Rf7  1/2-1/2

[Event "EuYCh B18"]
[Site "Peniscola ESP"]
[Date "2002.09.29"]
[Round "1"]
[White "Mamedov,N"]
[Black "Paredes Cordo,J"]
[Result "1-0"]
[WhiteElo "2463"]
[BlackElo "2243"]

1.e4 c5 2.Nf3 e6 3.d4 cxd4 4.Nxd4 Nc6 5.Nc3 a6 6.Be3 Qc7 7.Bd3 Nf6 8.O-O Ne5
9.h3 Bc5 10.Kh1 d6 11.Qe1 O-O 12.f4 Ng6 13.f5 Ne5 14.Nf3 Bxe3 15.Qxe3 b5
16.a3 Rb8 17.fxe6 Bxe6 18.Nxe5 dxe5 19.Rxf6 gxf6 20.Qh6 Qe7 21.Re1 Kh8 22.Nd5 Bxd5
23.exd5 f5 24.Bxf5 f6 25.d6 Qg7 26.Qh5 Rg8 27.Re2 Rb6 28.Rd2 Rd8 29.d7 h6
30.c3 a5 31.Qe8+ Qg8 32.Qe7 Rbb8 33.Qxf6+ Qg7 34.Qd6 Ra8 35.Re2 Rg8 36.Qxe5  1-0

[Event "3rd Mitropa Cup Junior"]
[Site "Saint Vincent ITA"]
[Date "2002.09.29"]
[Round "2"]
[White "Kurmann,O"]
[Black "Kuljasevic,D"]
[Result "0-1"]
[WhiteElo "2214"]
[BlackElo "2365"]

1.e4 c5 2.Nc3 e6 3.Nge2 Nc6 4.d4 cxd4 5.Nxd4 Nf6 6.Ndb5 d6 7.Bf4 e5 8.Bg5 a6
9.Na3 b5 10.Nd5 Be7 11.Bxf6 Bxf6 12.c3 Bg5 13.Nc2 O-O 14.a4 bxa4 15.Rxa4 a5
16.Bc4 Rb8 17.b3 Kh8 18.O-O g6 19.Qd3 Bd7 20.Ra2 f5 21.f3 Bh6 22.Rd1 Qh4
23.Nce3 Nd8 24.Nc7 fxe4 25.fxe4 Nf7 26.Be6 Bc6 27.Bd5 Bxd5 28.exd5 e4 29.Qe2 Ne5
30.Ne6 Rf6 31.b4 a4 32.Rb1 a3 33.b5 Bxe3+ 34.Qxe3 Qxh2+ 35.Kxh2 Ng4+ 36.Kg3 Nxe3
37.Rxa3 Nxd5 38.Nd4 Nb6 39.Ra6 d5 40.Ra7 Nc4 41.Rd7 Nb6 42.Re7 Ra8 43.Rh1 h5
44.Kh4 Raf8 45.Kg5 Nc8 46.Rd7 Nd6 47.Ra1 R8f7 48.Ra8+ Kg7 49.Rdd8 Rf5+ 50.Nxf5+ Rxf5+
51.Kh4 Nxb5 52.Rd7+ Kf6 53.Ra6+ Ke5 54.Rxg6 Nxc3 55.Rg5 Rxg5 56.Kxg5 Kd4
57.Kxh5 e3 58.Re7 e2 59.Rxe2 Nxe2  0-1

[Event "3rd Mitropa Cup Junior"]
[Site "Saint Vincent ITA"]
[Date "2002.09.29"]
[Round "2"]
[White "Paehtz,T"]
[Black "Bellaiche,A"]
[Result "1/2-1/2"]
[WhiteElo "2455"]
[BlackElo "2369"]

1.e4 c5 2.Nf3 Nc6 3.d4 cxd4 4.Nxd4 e6 5.Nc3 Qc7 6.Be3 a6 7.f4 d6 8.Be2 Nf6
9.Qd2 Be7 10.O-O-O O-O 11.g4 Nd7 12.g5 Nxd4 13.Qxd4 b5 14.a3 Bb7 15.Rhg1 e5
16.fxe5 Nxe5 17.h4 Rac8 18.h5 Rfd8 19.Rd2 g6 20.Nd5 Bxd5 21.Qxd5 Bf8 22.Rgd1 Bg7
23.h6 Bh8 24.Kb1 Qe7 25.c3 Rb8 26.Bc5 Qxg5 27.Bxd6 Qxh6 28.Bxb8 Rxd5 29.Rxd5 Nc6
30.Bd6 Qe3 31.Bd3 Bf6 32.Bc2 Kg7  1/2-1/2

[Event "11th Monarch Assurance"]
[Site "Port Erin IOM"]
[Date "2002.09.30"]
[Round "3"]
[White "Ulibin,M"]
[Black "Goloshchapov,A"]
[Result "0-1"]
[WhiteElo "2589"]
[BlackElo "2544"]

1.e4 c5 2.Nf3 e6 3.d4 cxd4 4.Nxd4 Nc6 5.Nc3 Qc7 6.f4 a6 7.Nb3 b5 8.Bd3 Bb7
9.Be3 Nf6 10.O-O Nb4 11.a3 Nxd3 12.cxd3 Be7 13.Rc1 Qd8 14.f5 e5 15.d4 exd4
16.Bxd4 d6 17.Nd5 Bxd5 18.exd5 O-O 19.Re1 Nxd5 20.Bxg7 Kxg7 21.Qxd5 Bf6 22.Rc6 Re8
23.Rf1 Re5 24.Qf3 Qe7 25.Nc1 Re3 26.Qd1 Re8 27.Nd3 Re2 28.Rc2 Rxc2 29.Qxc2 Qe2
30.Qb1 Re4 31.h3 Rc4 32.Re1 Qc2 33.Rc1 Qxb1 34.Rxb1 Bd4+ 35.Kh2 Rc2 36.b3 Rd2
37.Nb4 Be5+ 38.Kg1 Bd4+ 39.Kh2 Be5+ 40.Kg1 a5 41.Nc6 Bc3 42.Rf1 Kf6 43.Rf3 b4
44.axb4 axb4 45.Rf4 d5 46.Nxb4 d4 47.Na6 d3 48.Nc5 Ke5 49.Nxd3+ Rxd3 50.Rh4 Be1
51.Rc4 Bg3 52.Rc1 Rxb3 53.Rf1 Re3 54.Kh1 h5 55.Kg1 h4 56.Kh1 Re1  0-1

[Event "Eu Rapid Ch"]
[Site "Panormo GRE"]
[Date "2002.10.01"]
[Round "10"]
[White "Smirnov,P"]
[Black "Banikas,H"]
[Result "0-1"]
[WhiteElo "2539"]
[BlackElo "2521"]

1.e4 c5 2.Nf3 Nc6 3.Nc3 e6 4.d4 cxd4 5.Nxd4 Qc7 6.Be3 a6 7.Qd2 Nf6 8.O-O-O Ng4
9.Bf4 Nge5 10.Bg3 Nxd4 11.Qxd4 f6 12.Be2 Bc5 13.Qd2 O-O 14.f4 Nf7 15.Bf3 Rb8
16.Rhe1 b5 17.e5 f5 18.Bf2 Bxf2 19.Qxf2 Bb7 20.Rd3 b4 21.Ne2 Be4 22.Rd2 Qa5
23.b3 Qxa2 24.Qd4 Bxf3 25.gxf3 Rfd8 26.Rg1 g6 27.Qb2 Qxb2+ 28.Kxb2 d6 29.exd6 Nxd6
30.Rgd1 Nf7 31.Rd7 Rxd7 32.Rxd7 Rd8 33.Re7 Rd6 34.Kc1 a5 35.Ra7 Rd5 36.Ra6 Nd6
37.Rc6 Nb5 38.Rxe6 Nd4 39.Nxd4 Rxd4 40.Re5 Rxf4 41.Rxa5 Rxf3 42.Ra4 Rh3 43.Rxb4 Rxh2
44.Rd4 g5 45.b4 g4 46.Rf4 Rh5 47.Kd2 Rg5 48.Ke2 Kf7 49.b5 Ke6 50.Rd4 Rg7
51.b6 Rb7 52.Rb4 h5 53.Ke3 h4 54.c4 h3 55.c5 Kd5 56.Rf4 Rh7 57.Rxf5+ Kc6
58.Rf6+ Kb7 59.Rf1 g3 60.Kf3 g2 61.Ra1 Rf7+ 62.Ke2 Kc6 63.Ra7 Rxa7  0-1

[Event "EuYCh B16"]
[Site "Peniscola ESP"]
[Date "2002.10.02"]
[Round "4"]
[White "Tello Nunez,A"]
[Black "Kuznetsov,Vi2"]
[Result "1-0"]
[WhiteElo "2137"]
[BlackElo "2320"]

1.e4 c5 2.Nf3 Nc6 3.d4 cxd4 4.Nxd4 e6 5.Nc3 Qc7 6.g3 Nf6 7.Bg2 a6 8.O-O Be7
9.Re1 d6 10.Nxc6 bxc6 11.Na4 O-O 12.c4 Bb7 13.Bf4 Nd7 14.c5 Ne5 15.Qb3 Rad8
16.Red1 Bc8 17.Qb6 Qxb6 18.Nxb6 g5 19.cxd6 Bf6 20.Bxe5 Bxe5 21.Nc4 Bg7 22.e5 Bd7
23.b4 Rb8 24.a3 Rb5 25.Rab1 Rfb8 26.Na5 R5b6 27.Rbc1 Rd8 28.Bxc6 Bxe5 29.Bxd7 Rxd7
30.Nc4  1-0